| 000 | 00387nam a2200145Ia 4500 | ||
|---|---|---|---|
| 008 | 150201s1986 xx 000 0 und d | ||
| 082 |
_a616.1 _bD1986C |
||
| 100 | _aCECILE,HURST | ||
| 245 | _aDYSRHYTHMIA INTERPRETATION : BASED ON CARDIO SUPPRESSION | ||
| 250 | _a1ST | ||
| 260 |
_bLIPPINCOTT PUBLICATION _aPHILADELPHIA _c1986 |
||
| 300 | _a1-350 | ||
| 650 | _aNURSING | ||
| 942 |
_2ddc _cBK |
||
| 999 |
_c4084 _d4084 |
||